000
01404cam a2200625ua 4500
041
_a
eng
_h
082
_a
510.1212
_b
CLA/PH
100
_a
Clark, Jhon B .
245
_a
Physical and mathematical tables
250
_a
1 /
_b
.
260
_a
London :
_b
Oliver and boyd ,
_c
1965.
300
_a
91 ; .
504
_a
942
_c
BK
999
_c
249
_d
249